000 00669nam a2200205Ia 4500
001 15108
003 GE_BSU
008 181216s||||||||xx |||||||||||||| ||und||
040 _cGE_BSU
080 _a517.3(075.8)+517.3(075.8)
100 _aВиленкин, Н.Я. Мордкович,А.Г. Куницкая,Е.С.
245 _aМатематический анализ. Интегральное исчисление
260 _aМосква
260 _bПросвещение.
260 _c1979
300 _a174стр.20см.
653 _aИнтегральное исчисление
653 _aМатематический анализ
942 _cBK
999 _c48224
_d48224